ALL Overseas territories and disputed areas - Statistics

General Stats
  • This quiz has been taken 310 times
  • The average score is 60 of 145
Answers on the Map
Answers color-coded by a green-red scale on the quiz's map according to % correct below.
 
Answer Stats
North america % Correct
greenland
91%
taiwan
79%
western sahara
78%
scotland
77%
french guiana
76%
hong kong
76%
quebec
76%
northern ireland
75%
wales
75%
bermuda
74%
isle of man
74%
kosovo
74%
macau
74%
somaliland
73%
tibet
73%
crimea
71%
england
71%
falkland islands
70%
faroe islands
70%
aruba
68%
gibraltar
68%
catalonia
67%
puerto rico
66%
svalbard
65%
northern cyprus
64%
gaza
63%
abkhazia
62%
curacao
62%
guam
62%
jersey
62%
reunion
62%
transnistria
62%
guernsey
61%
hawaii
61%
jammu and kashmir
61%
south ossetia
61%
canary islands
60%
saint pierre and miquelon
60%
US virgin islands
60%
guadeloupe
59%
martinique
59%
christmas island
58%
easter island
58%
french polynesia
58%
mayotte
57%
saint helena
57%
turks and caicos islands
57%
west bank
57%
åland
56%
cayman islands
56%
cook islands
55%
galapagos islands
55%
saint martin
55%
american samoa
54%
basque country
54%
british virgin islands
54%
montserrat
54%
niue
54%
south georgia and the south sandwich islands
54%
new caledonia
53%
azores
52%
bavaria
51%
anguilla
50%
cocos (keeling) islands
50%
bonaire
50%
inner mongolia
49%
northern mariana islands
49%
sint maarten
46%
british indian ocean territory
45%
ceuta
45%
madeira
44%
pitcairn island
44%
wallonia
44%
flanders
43%
norfolk island
43%
tokelau
42%
tristan da cunha
41%
wallis and futuna
41%
akrotiri and dhekelia
39%
bougainville
39%
jan mayen
39%
saint barthelemy
39%
ascension island
38%
melilla
38%
british antarctic territory
37%
socotra
36%
lappland
35%
saba
35%
andaman islands
34%
artsakh (nagorno karabach)
32%
darfur
32%
midway atoll
32%
wake island
31%
sint eustatius
30%
bouvet island
29%
clipperton island
27%
johnston atoll
26%
east turkestan
25%
nicobar islands
25%
heard island
24%
navassa island
24%
australian antarctic territory
22%
chilean antarctic territory
22%
mcdonald islands
22%
baker island
21%
coral sea islands
20%
ashmore and cartier islands
19%
palmyra atoll
19%
spratly islands
19%
jarvis island
18%
karakalpakstan
18%
kingman reef
18%
howland island
17%
prince edward islands
16%
queen maud land
16%
vojvodina
16%
alderney
15%
paracel islands
15%
argentine antarctica
14%
kerguelen islands
14%
ross dependency
14%
peter I island
13%
chatham islands
12%
amsterdam island
11%
bajo nuevo bank
11%
juan fernandez islands
11%
adelie land
10%
europa island
10%
crozet islands
9%
serranilla bank
9%
auckland island
8%
bassas da india
8%
lord howe island
8%
saint paul island
8%
tromelin
7%
san andres and providencia
6%
south orkney and south shetland islands
5%
ducie island
4%
henderson island
4%
oeno island
4%
bjornoya
3%
gloriosa island
2%
isla del coco
2%
revillagigedo islands
2%
central islands
1%
No matching quizzes found
Score Distribution
Percent of People with Each Score
Percentile by Number Answered
Your Score History
You have not taken this quiz